| 000 | 00458nam a2200181Ia 4500 | ||
|---|---|---|---|
| 008 | 240925s9999 xx 000 0 und d | ||
| 020 | _a9788172452544 | ||
| 082 | _a510.76 PHI | ||
| 100 | _aPhilips, Sam | ||
| 245 | 0 | _a1000 Math Problems | |
| 250 | _a1st | ||
| 260 |
_aNew Delhi: _bBPB Publication _cNA |
||
| 300 |
_a550u.p. _bNA _fOriginal |
||
| 500 | _aIncludes Index | ||
| 600 | _aHumanities & Natural Science | ||
| 650 | _aMathematics | ||
| 942 | _cBK | ||
| 999 |
_c15180 _d15180 |
||